Manual de señalización de tránsito

Guardat en:
Dades bibliogràfiques
Autor corporatiu: Ministerio de Transportes y Telecomunicaciones (Autor)
Format: Llibre
Idioma:espanyol
Publicat: Santiago Ministerio de Transportes y Telecomunicaciones 2001
Matèries:
Etiquetes: Afegir etiqueta
Sense etiquetes, Sigues el primer a etiquetar aquest registre!

MARC

LEADER 00000nam a2200000 a 4500
001 UCL3719
003 CL-VaPUC
008 031205e20010000CL |||||||||||||||||spa|d
082 0 4 |a 388.312  |b MIN  |2 21 
110 2 |a Ministerio de Transportes y Telecomunicaciones  |e author  |9 481109 
245 1 0 |a Manual de señalización de tránsito 
246 1 0 |a Demarcaciones 
300 |a 82 p 
942 |c BK 
945 |d 20031205 00:00:00  |a cmena 
260 |a Santiago  |b Ministerio de Transportes y Telecomunicaciones  |c 2001 
650 7 |a SEÑALES DE TRANSITO  |2 CL-VaPUC  |9 455964 
650 0 |a Tráfico  |9 263653 
650 0 |a Transporte urbano  |9 260307 
583 |a last modification  |c 20031205 00:00:00  |k Rodrigo Vera 
999 |c 306728  |d 306726 
952 |0 0  |1 0  |4 0  |6 388_312000000000000_MIN_2001  |7 0  |8 F  |9 371978  |a BIBING  |b BIBING  |d 2019-11-21  |i 3970043  |o 388.312 MIN 2001  |p 3970043  |r 2025-01-20  |w 2019-11-21  |y BK_F  |k TRA 
952 |0 0  |1 0  |4 0  |6 388_312000000000000_MIN_2001  |7 0  |8 F  |9 371979  |a BIBING  |b BIBING  |d 2019-11-21  |i 3970051  |o 388.312 MIN 2001  |p 3970051  |r 2025-01-20  |w 2019-11-21  |y BK_F  |k TRA